000 00258 a2200133 4500
001 194848
040 _cMagnum
100 _aAlencar, José de
240 1 0 _aSenhora
_lpor
245 1 0 _aSenhora
300 _a124
697 _aLITERATURA GERAL
942 _cBK
999 _c194848
_d194848